000 01048nam a2200313Ic 4500
001 58477
003 CO-BoRNBP
005 20250822220438.0
007 ta
008 180109s2014 sp g 000 0 spa
020 _a9788415295716
040 _aCO-BoRNBP
_bspa
_erda
_cCO-BoRNBP
041 _aspa
082 0 4 _a301.01
_bA57
245 0 0 _aAntropologías contemporáneas :
_bsaberes, ejercicios y reflexiones /
_ceditoras Débora Betrisey y Silvina Merenson.
250 _aPrimera edición
264 1 _aMadird, España :
_bMiño y Dávila Editores,
_c2014
300 _a207 páginas
336 _atexto
_btxt
_2rdacontent
337 _asin mediación
_bn
_2rdamedia
338 _avolumen
_bnc
_2rdacarrier
490 0 _aColección Antropología, estudios culturales y relaciones de poder
650 0 7 _aAntropología
_2lemb
_961898
650 0 7 _aGrupos sociales
_2lemb
_922536
650 0 7 _aPsicologia política
_2lemb
_963293
700 _aBetrisey, Débora, editora
_963294
700 _aMerenson, Silvina, editora
_963295
942 _2ddc
_cBK
999 _c58477
_d58477